000 nam a22 7a 4500
999 _c126829
_d126829
008 170829b xxu||||| |||| 00| 0 eng d
050 _aPR9369.3.S52 T7
100 _aSitas, Ari
_935375
245 _aTropical Scars
_c/ Ari Sitas
260 _aFordsburg, South Africa
_bCongress of South African Writers
_c1989
300 _a58p. ;
_c21cm.
942 _2lcc
_cMONOGRAPH